| 000 | 00650nas a2200241 4500 | ||
|---|---|---|---|
| 001 | BR8901399 | ||
| 003 | BR-BrBNA | ||
| 005 | 20231205091505.0 | ||
| 007 | ta | ||
| 008 | 230509b bl.|||p| |||| 00| 00por d | ||
| 040 |
_aBR-BrBNA _bpor _cBiblioteca Nacional de Agricultura |
||
| 041 | _a(Pt) | ||
| 072 | _aL01 | ||
| 100 | 1 | _aMagalhes, H.H. | |
| 100 | 1 | _aGouveia, A.M.G. | |
| 245 | 1 | _aSala de ordenha | |
| 650 | _aORDENHA | ||
| 650 | _aSALA DE ORDENHA | ||
| 650 | _aORDENHADEIRA | ||
| 773 | 0 |
_tCabras e Bodes (Brazil) _xISSN 0102-7344 _g(1987), v. 3(9) p. 19-20 _wBR8901399 |
|
| 909 |
_a202311 _bLúcia _c55 _dLúcia Elande |
||
| 942 |
_2AGRIS _n0 _cANA |
||
| 999 |
_c125436 _d125436 |
||